000 00886cab a2200277 4500
001 ABS50193
008 090401t1994 xxu||||| |||| 00| 0 eng d
035 _a(Sirsi) u74560
041 _aeng
100 _aGarbett, C.
245 _aNational database planned
260 _c1994
350 _a0
490 _aValuer (ISVA)
_v63(1) January/February 1994, 16(1)
520 _aWarns estate agents to ignore at their peril plans by Wigwam computers to build on its existing packages to form an information system comprising details of property availability and comparables.
650 _aCOMPARABLES
650 _aCOMPUTERS
650 _aDATABASES
650 _aHOUSE SALES
650 _aRESIDENTIAL AGENCY
650 _aWIGWAM
690 _aMANAGEMENT-BUSINESS MANAGEMENT-INFORMATION MANAGEMENT
690 _aPROFESSIONAL PRACTICE
942 _n0
948 _c04/03/1997
999 _c46999
_d46999